[Event "Europe Echecs online op April"]
[Site "Europe Echecs INT"]
[Date "2020.04.11"]
[Round "7"]
[White "Giacomo, Bertino"]
[Black "Timotic, Nicolas"]
[Result "0-1"]
[WhiteElo "1815"]
[BlackElo "2001"]
[PlyCount "96"]
[EventDate "2020.04.11"]
[EventType "swiss (blitz)"]
[EventRounds "11"]
[EventCountry "FRA"]
[SourceTitle "EXT 2021"]
[Source "ChessBase"]
[SourceDate "2020.10.23"]
[SourceVersion "1"]
[SourceVersionDate "2020.10.23"]
[SourceQuality "1"]

1. e4 e5 2. d4 exd4 3. c3 d5 4. exd5 Qxd5 5. Qxd4 Qxd4 6. cxd4 Bb4+ 7. Nc3 Nf6 8. a3 Ba5 9. b4 Bb6 10. Be3 c6 11. Bd3 Ng4 12. Nf3 Nxe3 13. fxe3 0-0 14. 0-0 a5 15. Ng5 h6 16. Nge4 Be6 17. Nd6 Ra7 18. Na4 Bc7 19. Nf5 Nd7 20. Nc5 Nxc5 21. bxc5 Re8 22. e4 b5 23. cxb6 Bxb6 24. Kh1 Bxf5 25. Rxf5 Bxd4 26. Raf1 f6 27. Bc4+ Kh7 28. h4 Rxe4 29. g3 Re3 30. Kg2 c5 31. h5 Be5 32. R1f3 Rxf3 33. Kxf3 g6 34. hxg6+ Kxg6 35. Bd3 Kf7 36. g4 Rb7 37. a4 Rb3 38. Ke4 Rb4+ 39. Kd5 Rd4+ 40. Kxc5 Rxd3 41. Rf1 Rd4 42. Kb5 Rxg4 43. Kxa5 h5 44. Rh1 h4 45. Kb5 Bg3 46. a5 Rg5+ 47. Ka6 Rh5 48. Rh3 Bf2 0-1

[Event "Europe Echecs online op April"]
[Site "Europe Echecs INT"]
[Date "2020.04.11"]
[Round "4"]
[White "Lehenaff, Julien"]
[Black "Giacomo, Bertino"]
[Result "1-0"]
[WhiteElo "1810"]
[BlackElo "1815"]
[PlyCount "67"]
[EventDate "2020.04.11"]
[EventType "swiss (blitz)"]
[EventRounds "11"]
[EventCountry "FRA"]
[SourceTitle "EXT 2021"]
[Source "ChessBase"]
[SourceDate "2020.10.23"]
[SourceVersion "1"]
[SourceVersionDate "2020.10.23"]
[SourceQuality "1"]

1. e4 g6 2. Nf3 Bg7 3. d4 c5 4. dxc5 Qa5+ 5. Bd2 Qxc5 6. Nc3 Nc6 7. Be2 Nf6 8. 0-0 d6 9. h3 0-0 10. a3 Nd4 11. Nxd4 Qxd4 12. Bd3 a6 13. Be3 Qe5 14. f4 Qa5 15. Kh1 Nh5 16. Qe1 b5 17. Bd2 Qc7 18. Be2 Nf6 19. Bf3 Bb7 20. Rc1 Nd7 21. Kh2 Nc5 22. g4 f5 23. gxf5 gxf5 24. exf5 Rxf5 25. Bg4 Rff8 26. b4 Na4 27. Nxa4 bxa4 28. Be6+ Kh8 29. c4 Bc8 30. Bd5 Rb8 31. Bc3 Bf6 32. Bxf6+ Rxf6 33. Rg1 Bd7 34. Qxe7 1-0